000
00294nam a22001217a 4500
040
_c
HS
082
_a
591
100
_a
NA
245
_a
Laboratory training , management and water quality & nutrient analysis
260
_a
Assian institute of technology
_b
NA
_c
NA
300
_a
44p;
942
_c
EK
999
_c
9648
_d
9648